| 000 | 01067 a2200217 4500 | ||
|---|---|---|---|
| 005 | 20080912102528.0 | ||
| 008 | 080912t xxu||||| |||| 00| 0 hin d | ||
| 010 | _aHIN-79772 | ||
| 020 |
_a818674763x _c200.00 |
||
| 035 | _aHN-52118 | ||
| 037 | _bD.B.Act / pub | ||
| 082 | _a821.08 | ||
| 100 | _aमोहन | ||
| 245 |
_aसमकालीन कविता की भूमिका _cमोहन |
||
| 246 |
_bby Mohan _aSamkaleen Kavita ki Bhumika |
||
| 260 |
_aदिल्ली _bअनंग प्रकाशन _c2005 |
||
| 270 |
_aबी-107/1,गली मंदिर वाली,उत्तरी घोड़ा(समीप रबड़ फैक्ट्री) _bदिल्ली _e110053 _k011-22199683 |
||
| 300 |
_a134पृ _c22 सेमी (सजिल्द) |
||
| 942 |
_adpl _cHN _k821.08 / मोहन _2ddc _h821.08 _mमोहन |
||
| 999 |
_c3664 _d3664 |
||